D. Ďurica - J. G. Namestnikov - I. Pagáč - Z. Roth: Ložiská ropy a zemného plynu v strednej Európe

Bibliographic Details
Main Author: Čech, František, 1929-2011 (Author)
Format: Article
Language:German
Subjects:

MARC

LEADER 00000nab a2200000 a 4500
001 vtls000455462
003 SK-MaSNL
005 20260305004523.0
008 230217c1988 xo 0 ger
015 |a SNBRB19rr/mm-uuuuu 
035 |a CL0455593 
035 |a urn:nbn:sk:snk-ab79pw 
035 |a (uuid)32a9c930-860b-4b79-bed2-9c46505c30ff 
035 |a (urnnbn)urn:nbn:sk:snk:ar-a07by1 
035 |a (sysno)vtls000455462 
040 |a SNKBUCL  |b slo  |c SNKBUCL  |e AACR2 
041 0 |a ger 
044 |a xo  |c SK 
080 |a 553.981/.982(4)  |2 1981 
100 1 |a Čech, František,  |d 1929-2011  |4 aut  |9 1582385 
245 1 0 |a D. Ďurica - J. G. Namestnikov - I. Pagáč - Z. Roth: Ložiská ropy a zemného plynu v strednej Európe  |c František Čech 
650 0 7 |a ropa  |2 snkbucl  |9 14547 
650 0 7 |a zemný plyn  |2 snkbucl  |9 29458 
651 7 |a Európa stredná  |2 snkbucl  |9 23970 
655 7 |a články z novín a časopisov  |2 snkbucl  |9 267496 
773 0 |t Geologický zborník  |g Roč. 39, č. 5 (1988), s. 128 
787 0 8 |i Rec.:  |t Ložiská ropy a zemného plynu v strednej Európe  |d Bratislava : Alfa 
850 |a Slovenská národná knižnica v Martine  |a MTA001 
852 |a SNK  |b KIS3GCP 
958 |a RK 
958 |a OND 
958 |a EUIPO 
958 |a article27 
992 |a RBX 
999 |c 3236021  |d 3237951